000 00448nam a22001817a 4500
003 MPLRDC
005 20220104143505.0
008 210129b ||||| |||| 00| 0 eng d
082 _a861.57 GQRYL-3
100 _a谷崎润一郎
245 _a细雪
_c郑建元译
250 _a初版
260 _a
_b星光出版社
_c1985
300 _b
490 _a双子星丛书. 345
650 _a日本现代小说
942 _cBK
_o861.57 GQRYL-3
999 _c40427
_d40417